| 000 -LEADER |
| fixed length control field |
01484nam a2200253Ia 4500 |
| 001 - CONTROL NUMBER |
| control field |
23295 |
| 003 - CONTROL NUMBER IDENTIFIER |
| control field |
GE_BSU |
| 008 - FIXED-LENGTH DATA ELEMENTS--GENERAL INFORMATION |
| fixed length control field |
181216s||||||||xx |||||||||||||| ||und|| |
| 040 ## - CATALOGING SOURCE |
| Transcribing agency |
GE_BSU |
| 080 ## - UNIVERSAL DECIMAL CLASSIFICATION NUMBER |
| Universal Decimal Classification number |
811.353.1'373.232+94(479.22)+39(479.22) |
| 100 ## - MAIN ENTRY--PERSONAL NAME |
| Personal name |
ითონიშვილი, ვახტანგ. |
| 245 ## - TITLE STATEMENT |
| Title |
დვალები და დვალეთი. წ. 2 |
| 245 ## - TITLE STATEMENT |
| Statement of responsibility, etc. |
რედაქტორი ვალერიან ითონიშვილი ; კარტოგრაფი ალექსანდრე ნაზღაიძე |
| 250 ## - EDITION STATEMENT |
| Edition statement |
საქ. მეცნ. ეროვნული აკადემია, ისტორიის, ეთნოლოგიის, რელიგიის შესწავლისა და პროპაგანდის სამეცნიერო ცენტრი. |
| 260 ## - PUBLICATION, DISTRIBUTION, ETC. |
| Place of publication, distribution, etc. |
თბილისი |
| 260 ## - PUBLICATION, DISTRIBUTION, ETC. |
| Name of publisher, distributor, etc. |
საქ. მეცნ. ეროვნული აკადემიის სტამბა |
| 260 ## - PUBLICATION, DISTRIBUTION, ETC. |
| Date of publication, distribution, etc. |
2016 |
| 300 ## - PHYSICAL DESCRIPTION |
| Extent |
248 გვ. : სქ. |
| 653 ## - INDEX TERM--UNCONTROLLED |
| Uncontrolled term |
დვალები და დვალეთი. წ. 2 |
| 653 ## - INDEX TERM--UNCONTROLLED |
| Uncontrolled term |
ქართული გვარების ისტორია. ქართული გვარ-სახელები. |
| 653 ## - INDEX TERM--UNCONTROLLED |
| Uncontrolled term |
ქართული სოფლების ისტორია. საქართველოს ეთნოგრაფია. |
| 942 ## - ADDED ENTRY ELEMENTS (KOHA) |
| Koha item type |
წიგნი |